000 02531nam a2200325 a 4500
001 000047547
003 OSt
005 20250227073855.0
008 090630s2016 dr r 000 0 spa d
020 _a9789945582413
040 _aDO-SdBNP
_bspa
_cBNPHU
082 4 _a330.97293
_bC744n, 2015
_222
111 1 _aConcurso Biblioteca Juan Pablo Duarte
_96999
_n2015
245 1 0 _aNueva literatura económica dominicana :
_bpremios del Concurso de Economía Biblioteca "Juan Pablo Duarte", 2015 /
_cMarvin Cardosa Espinosa ... [et al.] ; edición José Alcántara Almánzar ... [et al.].
260 _aSanto Domingo :
_bBanco Central de la República Dominicana,
_c2016.
300 _axx, 304 p. ;
_c23 cm.
490 1 _aBanco Central de la República Dominicana
_v229
_aNueva literatura económica dominicana
_v20
500 _aIncluye referencias bibliográficas y notas al pie de las páginas
505 0 _aPresentación --
_tIntroducción --
_gPrimera parte.
_tDuración y recurrencia del desempleo en la República Dominicana /
_rMarvin Cardosa Espinosa
_gSegunda parte :
_tEficiencia y regulación bancaría : una aplicación de la envolvente de datos y modelo de variables censuradas para República Dominicana --
_rCarlos Alberto Delgado Urbáez, Yocauris García Rodríguez
_tTercera parte :
_tDesajuste educativo : Incidencia y efecto sobre los salarios y la pruductividad, 2010-2014/
_rEvalina Gómez Paulino, Carmen Altagracia García Berigüete --
_gCuarta parte :
_tVulnerabilidad, contagio y centralización. Medidas de riesgo sistémico para la banca Múltiple en República Dominicana /
_rMarco PorfirioMartínez Polanco, Marcos Antonio Noyola Rincón.
_gQuinta parte :
_tContagio y Dinámica temporal de la volatilidad del tipo de cambio dominicano : un enfoque GARCH multivariante (2000-2015) /
_rNerys F. Ramírez.
590 _aInventariado, 2018/ VM
650 4 _aFinanzas
_zRepública Dominicana
_vCongresos, conferencias, etc.
_975176
650 4 _aPolítica monetaria
_zRepública Dominicana
_vCongresos, conferencias, etc.
_96378
651 4 _aRepública Dominicana
_xCondiciones Económicas
_vCongresos, conferencias, etc.
_97000
651 4 _aRepública Dominicana
_xPolítica económica
_vCongresos, conferencias, etc.
_97001
700 1 _aCarsosa Espinosa, Marvin
_975178
700 1 _aAlcántara Almánzar, José
_d1946-
_eed.
_97018
830 0 _aBanco Central de la República Dominicana ;
_v229
_pNueva literatura económica dominicana
_n20
_975179
910 _aValidado. Control de calidad. MFF
942 _2ddc
_cLBS1
999 _c47035
_d47035